Data Mining: Concepts and Techniques_4th Edition (Record no. 38054)

MARC details
000 -LEADER
fixed length control field 01193nam a22001937a 4500
020 ## - INTERNATIONAL STANDARD BOOK NUMBER
ISBN 978-8131267660
082 ## - DEWEY DECIMAL CLASSIFICATION NUMBER
Classification number 005.74 HAN
100 ## - MAIN ENTRY--AUTHOR NAME
Personal name Jiawei Han
100 ## - MAIN ENTRY--AUTHOR NAME
Personal name Jian Pei
100 ## - MAIN ENTRY--AUTHOR NAME
Personal name Hanghang Tony
245 ## - TITLE STATEMENT
Title Data Mining: Concepts and Techniques_4th Edition
250 ## - EDITION STATEMENT
Edition statement 4
260 ## - PUBLICATION, DISTRIBUTION, ETC. (IMPRINT)
Name of publisher Elsevier
Place of publication New Delhi
Year of publication 2025
300 ## - PHYSICAL DESCRIPTION
Number of Pages 752
Other physical details Item Weight ‏ : ‎ 1 kg 200 g Dimensions ‏ : ‎ 20.3 x 25.4 x 4.7 cm
520 ## - SUMMARY, ETC.
Summary, etc Data Mining: Concepts and Techniques, Fourth Edition introduces concepts, principles, and methods for mining patterns, knowledge, and models from various kinds of data for diverse applications. Specifically, it delves into the processes for uncovering patterns and knowledge from massive collections of data, known as knowledge discovery from data, or KDD. It focuses on the feasibility, usefulness, effectiveness, and scalability of data mining techniques for large data sets. Presents a comprehensive new chapter on deep learning, including improving training of deep learning models, convolutional neural networks, recurrent neural networks, and graph neural networks.
650 ## - SUBJECT ADDED ENTRY--TOPICAL TERM
Topical Term CSE
942 ## - ADDED ENTRY ELEMENTS (KOHA)
Koha item type Text Book
952 ## - LOCATION AND ITEM INFORMATION (KOHA)
Damaged status
Not for loan
Holdings
Withdrawn status Collection code Permanent Location Current Location Shelving location Date acquired Source of acquisition Cost, normal purchase price Inventory number Full call number Accession Number Price effective from Koha item type
  Computer Science and Engineering VAST Central Library VAST Central Library S-22/CS 14/11/2025 Minerva Books 975.00 86 005.74 HAN 38164 01/12/2025 Text Book